| 000 | 02306 a2200253 4500 | ||
|---|---|---|---|
| 003 | NALT | ||
| 005 | 20250818221506.0 | ||
| 008 | 231127b th ||||| |||| 00| 0 tha d | ||
| 020 | _a9786163987174 | ||
| 040 | _aNALT | ||
| 100 | 0 | _aศโรชิน อาจหาญ | |
| 245 |
_aเกร็ดประวัติศาสตร์และวัฒนธรรมฝรั่งเศส / _cศโรชิน อาจหาญ. _h[electronic resource] |
||
| 260 |
_aเชียงใหม่ : _bมหาวิทยาลัยเชียงใหม่, _c2565. |
||
| 300 | _aOnline resource | ||
| 505 | 2 | _aฝรั่งเศสวิถี -- ในกระแสโลก -- รื่นรสเริงใจ -- สรรพศาสตร์ สรรพศิลป์ | |
| 520 | _aหนังสือเล่มนี้ ได้เล่าถึงบางส่วนของเกร็ดประวัติศาสตร์แลัวัฒนธรรมฝรั่งเศสในมุมมองที่แตกต่างจากหนังสือหลายเล่ม มีเรื่องที่น่าสนใจมากมายเกือบสามสิบเรื่องเช่น ห้องนอนของชาวฝรั่งเศสในยุคกลาง พิธสมรสหลังปฏิวัติฝรั่งเศส การปันส่วนอาหารในช่วงสงครามโลกครั้งที่สอง ประวัติศาสตร์โรงแรมในฝรั่งเศส ที่มาของกางเกงยีนส์ สวนสัตว์มนุษย์ หรือชาวเอเชียในวรรณกรรมเยาวชนฝรั่งเศส เป็นต้น | ||
| 650 | 4 |
_962335 _aฝรั่งเศส _xประวัติศาสตร์ |
|
| 700 | 0 |
_aวิริญจน์ หุตะสังกาศ. _962340 |
|
| 850 | _aNALT | ||
| 856 | 4 | 0 |
_uhttps://ebook.parliament.go.th/ebookall/detail/431994 _zE-Book |
| 942 |
_2lcc _cEBK |
||
| 996 |
_ai002 _bCATSTF _c2023-12-15 |
||
| 999 |
_c102674 _d102674 |
||
| 998 |
_j25 _k นีลวัสน์ อินทรักษา |
||